| 000 | 00571nam a22001937a 4500 | ||
|---|---|---|---|
| 003 | OSt | ||
| 005 | 20151216101333.0 | ||
| 008 | 130622t xxu||||| |||| 00| 0 eng d | ||
| 020 | _a0958568650 | ||
| 050 |
_aQD 33.2 _b.G795 2003 |
||
| 082 |
_aIB 540.78 _bG82 2003 |
||
| 100 | _aGreen, John | ||
| 245 |
_aA portfolio on investigations in chemistry : _bstudent workbook (revised 2003) / _cJohn Green ; series editor David Greig. |
||
| 260 |
_aAustralia : _bIBID Press, _cc2003. |
||
| 300 |
_a122 p. : _c30 cm. |
||
| 562 | _e1 | ||
| 942 |
_2lcc _cBK |
||
| 999 |
_c3026 _d3026 |
||